000 01148nam a2200325 a 4500
001 000016644
003 DO-SdBNP
005 20250305084929.0
007 ta
008 100308s1992 dr 001 0 spa d
040 _aDO-SdBNP
_bspa
_cBNPHU
_erda
041 _hspa
082 _a615.882
_bM296m
100 1 _aMañón López, Darío Issac
_936980
245 1 0 _aMedicina tradicional dominicana :
_b(una contribución a su estudio) /
_cDarío Issac Mañón López, Ibrahim Haché Llinas, Eduardo García Suárez.
264 4 _aSanto Domingo :
_bUNPHU,
_c1992.
300 _a407 páginas ;
_c21 cm.
336 _atexto
_btxt
_2rdacontent
337 _asin mediación
_bn
_2rdamedia
338 _avolumen
_bnc
_2rda
500 _aIncluye índice
590 _aInventariado, 2019/MFF
650 4 _aMedicina tradicional
_zRepublica Dominicana
_936981
650 4 _aMedicina folclórica
_zRepública Dominicana
_936982
700 1 _aHaché Llinas, Ibrahim
_936983
700 1 _aGarcía Suárez, Eduardo
_936984
710 2 _aUniversidad Nacional Pedro Henríquez Ureña
_983980
910 _aValidado. Control de calidad MFF
942 _2ddc
_cLBS1
999 _c16177
_d16177